Statistics for Subdivision capitals closest to Nitra (SK)

Click here to take the quiz!

General Stats

  • This quiz has been taken 14 times
  • The average score is 9 of 20

Answer Stats

Distance (km)Answer% Correct
375Bratislava
100%
9115Budapest
78%
18170Ostrava
67%
265Trenčín
67%
12129Wien
67%
8112Žilina
67%
691Banská Bystrica
56%
15146Brno
56%
138Trnava
56%
7106Zlín
56%
477Győr
44%
16155Olomouc
33%
585Tatabánya
33%
19176Eger
22%
13130Salgótarján
22%
10127Székesfehérvár
22%
17163Szombathely
22%
14136Veszprém
22%
11127Eisenstadt
11%
20183Sankt Pölten
11%

Score Distribution

Percentile by Number Answered

Percent of People with Each Score

Your Score History

You have not taken this quiz